<?xml version="1.0" encoding="UTF-8"?>
<record
    xmlns:xsi="http://www.w3.org/2001/XMLSchema-instance"
    xsi:schemaLocation="http://www.loc.gov/MARC21/slim http://www.loc.gov/standards/marcxml/schema/MARC21slim.xsd"
    xmlns="http://www.loc.gov/MARC21/slim">

  <leader>02819cam a22002774a 4500</leader>
  <datafield tag="020" ind1=" " ind2=" ">
    <subfield code="a">0821356828</subfield>
  </datafield>
  <datafield tag="040" ind1=" " ind2=" ">
    <subfield code="c">a</subfield>
  </datafield>
  <datafield tag="082" ind1=" " ind2=" ">
    <subfield code="a">338 THE 2004 A065 Or.</subfield>
  </datafield>
  <datafield tag="110" ind1="2" ind2=" ">
    <subfield code="a">World Bank.</subfield>
  </datafield>
  <datafield tag="245" ind1="1" ind2="0">
    <subfield code="a">World Development Report 2005</subfield>
    <subfield code="b">A Better Investment Climate for Everyone.</subfield>
  </datafield>
  <datafield tag="260" ind1=" " ind2=" ">
    <subfield code="a">Washington, D.C. :</subfield>
    <subfield code="b">The World Bank,</subfield>
    <subfield code="c">2004.</subfield>
  </datafield>
  <datafield tag="300" ind1=" " ind2=" ">
    <subfield code="a">1 online resource (288 p.)</subfield>
  </datafield>
  <datafield tag="490" ind1="1" ind2=" ">
    <subfield code="a">World Development Report</subfield>
  </datafield>
  <datafield tag="520" ind1="3" ind2=" ">
    <subfield code="a">Firms and entrepreneurs of all types-from microenterprises to multinationals-play a central role in growth and poverty reduction. Their investment decisions drive job creation, the availability and affordability of goods and services for consumers, and the tax revenues governments can draw on to fund health, education, and other services. Their contribution depends largely on the way governments shape the investment climate in each location-through the protection of property rights, regulation and taxation, strategies for providing infrastructure, interventions in finance and labor markets, and broader governance features such as corruption. The World Development Report 2005 argues that improving the investment climates of their societies should be a top priority for governments. Drawing on surveys of nearly 30,000 firms in 53 developing countries, country case studies, and other new research, the Report explores questions such as: What are the key features of a good investment climate, and how do they influence growth and poverty? What can governments do to improve their investment climates, and how can they go about tackling such a broad agenda? What has been learned about good practice in each of the main areas of the investment climate? What role might selective interventions and international arrangements play in improving the investment climate? What can the international community do to help developing countries improve the investment climates of their societies? In addition to detailed chapters exploring these and related issues, the Report contains selected data from the World Bank's new program of Investment Climate Surveys, the Bank's Doing Business Project, and World Development Indicators 2004-an appendix of economic and social data for over 200 countries. This Report offers practical insights for policymakers, executives, scholars, and all those with an interest in economic development.</subfield>
  </datafield>
  <datafield tag="650" ind1=" " ind2="4">
    <subfield code="a">Debt Markets.</subfield>
  </datafield>
  <datafield tag="650" ind1=" " ind2="4">
    <subfield code="a">Economic Theory and Research.</subfield>
  </datafield>
  <datafield tag="650" ind1=" " ind2="4">
    <subfield code="a">Emerging Markets.</subfield>
  </datafield>
  <datafield tag="650" ind1=" " ind2="4">
    <subfield code="a">Finance and Financial Sector Development.</subfield>
  </datafield>
  <datafield tag="650" ind1=" " ind2="4">
    <subfield code="a">Financial Literacy.</subfield>
  </datafield>
  <datafield tag="650" ind1=" " ind2="4">
    <subfield code="a">Investment and Investment Climate.</subfield>
  </datafield>
  <datafield tag="650" ind1=" " ind2="4">
    <subfield code="a">Macroeconomics and Economic Growth.</subfield>
  </datafield>
  <datafield tag="650" ind1=" " ind2="4">
    <subfield code="a">Private Sector Development.</subfield>
  </datafield>
  <datafield tag="710" ind1="2" ind2=" ">
    <subfield code="a">World Bank.</subfield>
  </datafield>
  <datafield tag="856" ind1="4" ind2="0">
    <subfield code="u">http://elibrary.worldbank.org/content/book/9780821356821</subfield>
  </datafield>
  <datafield tag="942" ind1=" " ind2=" ">
    <subfield code="c">EK</subfield>
  </datafield>
  <datafield tag="999" ind1=" " ind2=" ">
    <subfield code="c">14232</subfield>
    <subfield code="d">14232</subfield>
  </datafield>
  <datafield tag="952" ind1=" " ind2=" ">
    <subfield code="0">0</subfield>
    <subfield code="1">0</subfield>
    <subfield code="4">0</subfield>
    <subfield code="6">338_000000000000000_THE_2004_A065_OR</subfield>
    <subfield code="7">0</subfield>
    <subfield code="9">66215</subfield>
    <subfield code="a">LBA</subfield>
    <subfield code="b">LBA</subfield>
    <subfield code="c">A065</subfield>
    <subfield code="d">2017-10-10</subfield>
    <subfield code="o">338 THE 2004 A065 Or.</subfield>
    <subfield code="p">A22385</subfield>
    <subfield code="r">2017-10-10</subfield>
    <subfield code="w">2017-10-10</subfield>
    <subfield code="y">EK</subfield>
  </datafield>
</record>
